| 000 | 00713nam a2200253Ia 4500 | ||
|---|---|---|---|
| 001 | Para_196 | ||
| 003 | CHAP | ||
| 008 | 220125s1992 xx 000 0 und d | ||
| 010 | _a198798 | ||
| 040 | _cCHAP | ||
| 090 | _aPA FOLLETO 3165 | ||
| 100 | 1 |
_aSánchez Domínguez, Samuel _9107478 |
|
| 245 |
_aTaxonomia, origen y dispersion del cacahuate : _b Arachis hypogaea L. / _c por Samuel Sanchez Dominguez |
||
| 260 |
_aChapingo, Méx. : _b UACh |
||
| 300 | _a26 p. | ||
| 650 |
_aCacahuate _x Genetica _916873 |
||
| 901 | _aPA FOLLETO 3165 | ||
| 902 | _aA | ||
| 905 | _a0000001992 0000000000 00 | ||
| 910 | _a1992 | ||
| 942 | _cPARA | ||
| 942 |
_cPARA _d1 |
||
| 999 |
_c198798 _d198798 |
||